Lyrics -Beatles - The End - Statistics

General Stats
  • This quiz has been taken 465 times
  • The average score is 22 of 28
Answer Stats
Answer % Correct
you
96%
you
96%
you
96%
in
94%
in
94%
the
94%
the
94%
the
94%
end
93%
love
93%
love
93%
to
93%
to
93%
and
89%
is
89%
equal
87%
take
86%
make
84%
Oh
65%
yeah
64%
all
60%
my
59%
be
58%
right
57%
tonight
56%
dreams
55%
are
51%
going
50%
No matching quizzes found
Score Distribution
Percent of People with Each Score
Percentile by Number Answered
Your Score History
You have not taken this quiz